Every American Flag - Sudden Death - Statistics

General Stats
  • This quiz has been taken 66,897 times
  • The average score is 21 of 35
Answers on the Grid
Answers color-coded by a green-red scale on the quiz's grid according to % correct below.
 
Answer Stats
Answer % Correct
United States
98%
Venezuela
90%
Panama
84%
Uruguay
84%
Ecuador
81%
Dominican Republic
79%
Argentina
79%
Canada
79%
Saint Lucia
69%
Jamaica
69%
Brazil
69%
Mexico
67%
Chile
66%
Honduras
63%
El Salvador
63%
Barbados
63%
Cuba
63%
Colombia
62%
Guatemala
60%
Haiti
57%
Antigua and Barbuda
53%
Trinidad and Tobago
52%
Nicaragua
52%
Paraguay
51%
Saint Vincent and the Grenadines
48%
Belize
48%
Peru
48%
Guyana
46%
Bahamas
46%
Dominica
45%
Bolivia
44%
Suriname
43%
Costa Rica
43%
Grenada
38%
Saint Kitts and Nevis
34%
No matching quizzes found
Score Distribution
Percent of People with Each Score
Percentile by Number Answered
Your Score History
You have not taken this quiz